000 00648cab a22001935a 4500
001 L151648
008 101123e20101119xxk 000 0 eng d
035 _a(Sirsi) u151648
041 0 _aeng
100 1 _aGarson, Michael
245 0 0 _aHIPS
260 _c2010
490 _aNew Law Journal
_v160 (7442) 19 November 2010, 1585-1587(3)
520 _aTraces the history of Home Information Packs (HIPS) from their introduction in 2007 to their withdrawal in May 2010.
590 _aKA
651 4 _aENGLAND AND WALES
690 _aPROPERTY-RESIDENTIAL PROPERTY-ACQUISITION AND DISPOSAL OF RESIDENTIAL PROPERTY-HOME BUYING REFORM
942 _n0
999 _c82831
_d82831